Normal view MARC view
  • Joseph B. Dence , Thomas P. Dence

Entry Personal Name

Number of records used in: 2

001 - CONTROL NUMBER

  • control field: 10833

003 - CONTROL NUMBER IDENTIFIER

  • control field: NUST

005 - DATE AND TIME OF LATEST TRANSACTION

  • control field: 20180604052424.0

008 - FIXED-LENGTH DATA ELEMENTS

  • fixed length control field: 180604|| aca||aabn | a|a d

040 ## - CATALOGING SOURCE

  • Original cataloging agency: NUST
  • Transcribing agency: NUST

100 ## - HEADING--PERSONAL NAME

  • Personal name: Joseph B. Dence , Thomas P. Dence

670 ## - SOURCE DATA FOUND

  • Source citation: Work cat.: (NUST): Joseph B. Dence , Thomas P. Dence, Elements of The Theory of Numbers, 1999
© 2023 Central Library, National University of Sciences and Technology. All Rights Reserved.